Eminem Songs With over 500M Views on YouTube (2022) - Statistics

General Stats
  • This quiz has been taken 73 times
  • The average score is 10 of 14
Answer Stats
Hint Answer % Correct
1.2B Lose Yourself
86%
1.4B Without Me
82%
2.4B Love The Way You Lie
80%
1.2B Rap God
80%
700M The Real Slim Shady
80%
1.6B Not Afraid
78%
844M The Monster
73%
500M Godzilla
69%
620M Mockingbird
67%
556M Stan
67%
914M When I'm Gone
53%
697M Venom
51%
712M Till I Collapse
49%
591M No Love
37%
No matching quizzes found
Score Distribution
Percent of People with Each Score
Percentile by Number Answered
Your Score History
You have not taken this quiz